00881nam a2200205Ia 4500008004100000020001500041041001200056082001600068100001300084245010100097250000800198260003900206300000800245650000800253700001700261942000700278999001500285952016100300952021400461221030s9999 xx 000 0 und d a8178085712 aEnglish a105.23bSta aH. Stark 0aProbability & Random Processes with Applications to Signal Processingcby H. Stark, J. W. Woods a3rd bPearson EducationaNew Delhic2002 a689 aECE aJ. W. Woods cBK c5939d5939 pBE 5110g350.00l0o105.23 Star2024-06-13 00:00:00w2022-10-30yBK003Print4071aMIETLIBbMIETLIBcBL-Second, FL-1, CUP-74, SH-2, R-2d2002-05-2410HBE pBE 15828g350.00l0eDonated By Prof V. K. Madan ( Ex. Prof. ECE Deptt. )r2024-06-13 00:00:00w2022-10-30yBK003Print4070aMIETLIBbMIETLIBcBL-Academic Block B, FL-2, CUP-51, SH-1, R-1d2018-12-1510HBE